Statistiques concernant Combien pouvez-vous échanger un drapeau (hardcore)

Cliquez ici pour prendre le quiz!

Statistiques générales

  • Ce quiz a été pris 4 fois
  • Le résultat moyen est 4 sur 16

Statistiques - réponses

Réponse% Correct
Australie
100%
Corée du Nord
100%
Corée du Sud
100%
Côte d'Ivoire
50%
États-Unis
50%
Autriche
0%
Chili
0%
Chine
0%
Gabon
0%
Great Britain
0%
Japon
0%
Maldives
0%
Mozambique
0%
Nigeria
0%
Philippines
0%
Portugal
0%

Distribution des résultats

Percentile par nombre de réponses

% des personnes avec chaque résultat

Votre développement - résultats

Vous n’avez pas pris ce quiz